Poistný trh v strednej a východnej Európe

Analýza poistného trhu na Slovensku v roku 2014. Prognózy pre strednú a východnú Európu.

Saved in:
Bibliographic Details
Main Author: Michal, Martin
Format: Book Chapter
Language:Slovak
Subjects:
Tags: Add Tag
No Tags, Be the first to tag this record!

MARC

LEADER 00000naa a2200000 4500
001 0204757
005 20220725111241.5
041 0 |a slo 
044 |a SK 
245 1 0 |a Poistný trh v strednej a východnej Európe  |c Martin Michal 
520 |a Analýza poistného trhu na Slovensku v roku 2014. Prognózy pre strednú a východnú Európu. 
610 2 0 |a trh poistný 
610 2 0 |a stredná Európa 
610 2 0 |a východná Európa 
610 2 0 |a Slovensko 
100 1 |a Michal, Martin